000 00327 a2200109 4500
001 ART_9540
005 20260410161836.0
008 260409a
245 1 0 _aEl tratado de Montevideo de 1980
100 1 _aFratalocchi, Aldo
773 0 _tContabilidad y administración
_g- Año 4, Nº 47 (may. 1981)
_wREV5485
999 _c23660
_d23660